000 00577cam a22001814a 4500
001 15697970
005 20241102140531.0
008 090413s2009 enka b 001 0 eng
020 _a9780199553310 (pbk. : alk. paper)
050 0 0 _aKD3372
_b.S76 2009
100 1 _aStookes, Paul.
245 1 2 _aA practical approach to environmental law /
_cPaul Stookes.
250 _a2nd ed.
260 _aOxford ;
_aNew York :
_bOxford University Press,
_c2009.
300 _aliv, 624 p. :
_bill. , Index;
_c25 cm.
650 0 _aEnvironmental law
_zGreat Britain.
942 _2lcc
_cBK
_e2nd Ed.
_n0
999 _c559
_d559